LEADER 01638nas 2200517-a 450 001 9910138976603321 005 20230225213018.0 011 $a2054-166X 035 $a(DE-599)ZDB2011533-7 035 $a(OCoLC)41627448 035 $a(CKB)958480310497 035 $a(CONSER)--2002238788 035 $a(EXLCZ)99958480310497 100 $a19990629a19839999 s-- a 101 0 $aeng 135 $aurcn#|||||||| 181 $ctxt$2rdacontent 182 $cc$2rdamedia 183 $acr$2rdacarrier 200 10$aLibrary hi tech 210 $aBradford, England $cMCB University Press$d1983- 300 $aRefereed/Peer-reviewed 311 $a0737-8831 517 3 $aLibrary hitech 531 $aLIBRARY HI TECH JOURNAL 531 $aLIBR HI TECH 531 $aLIBR. HI TECH 606 $aLibrary science$xTechnological innovations$vPeriodicals 606 $aLibraries$xAutomation$vPeriodicals 606 $aInformation science$vPeriodicals 606 $aInformation science$2fast$3(OCoLC)fst00972640 606 $aLibraries$xAutomation$2fast$3(OCoLC)fst00997347 606 $aLibrary science$xTechnological innovations$2fast$3(OCoLC)fst00997978 608 $aPeriodicals.$2fast 615 0$aLibrary science$xTechnological innovations 615 0$aLibraries$xAutomation 615 0$aInformation science 615 7$aInformation science. 615 7$aLibraries$xAutomation. 615 7$aLibrary science$xTechnological innovations. 676 $a020 712 02$aMCB University Press. 906 $aJOURNAL 912 $a9910138976603321 996 $aLibrary hi tech$91755846 997 $aUNINA